Normal view
MARC view
Entry Personal Name
001 - CONTROL NUMBER
- control field: 168254
003 - CONTROL NUMBER IDENTIFIER
- control field: OSt
005 - DATE AND TIME OF LATEST TRANSACTION
- control field: 20220923224856.0
008 - FIXED-LENGTH DATA ELEMENTS
- fixed length control field: 220923|| aca||aabn | a|a d
040 ## - CATALOGING SOURCE
- Original cataloging agency: OSt
- Transcribing agency: OSt
100 ## - HEADING--PERSONAL NAME
- Personal name: फणीश्वरनाथ रेणु; यायावर, भारत, संपा
670 ## - SOURCE DATA FOUND
- Source citation: Work cat.: (OSt)374325: फणीश्वरनाथ रेणु; यायावर, भारत, संपा., फणीश्वरनाथ रेणु चुनी हुई रचनाएॅं, 1993
